Länder dessen Hauptstadt mit C beginnt - Statistiken

Allgemein
  • Dieses Quiz wurde 125 mal gespielt
  • Das Durchschnittsergebnis liegt bei 3 aus 5
Antwortstatistiken
Kontinent Land % Korrekt
Südamerika Venezuela
84%
Ozeanien Australien
82%
Europa Moldawien
75%
Nordamerika St. Lucia
43%
Afrika Guinea
36%
Keine übereinstimmenden Quizze gefunden
Verteilung der Resultate
Anzahl Personen mit jedem Resultat
Perzentil nach korrekt beantworteten Fragen
Ihre Resultats-Entwicklung
Sie haben dieses Quiz noch nicht gespielt